000 00355nam a2200145Ia 4500
008 240624s9999 xx 000 0 und d
041 _aeng
082 _a303.3 JOH
100 _aJOHNSON CRAIG E
245 _aMEETING THE ETHICAL CHALLENGES OF LEADER
250 _a(3rd ed.)
260 _c2008
_bSage Publications
300 _a400 : p.
365 _c
_b30
999 _c13456
_d13456